000 01641cam a2200409 a 4500
001 14067364
003 ARRUPE
005 20211004094111.0
008 050808s1998 sw ab bm f001 0 eng d
010 _a 2004482016
020 _a9185424498 (Uppsala)
020 _a8291911002 (Oslo)
035 _a(OCoLC)ocm38745913
040 _aFUG
_cFUG
_dDLC
042 _alccopycat
043 _af-et---
050 0 0 _aBX8063.E85
_bT65 1998
100 1 _aTolo, Arne.
_950205
245 1 0 _aSidama and Ethiopian :
_bthe emergence [of] the Mekane Yesus Church in Sidama /
_cArne Tolo.
246 3 0 _aEmergence of the Mekane Yesus Church in Sidama
246 0 4 _aSidama and Etiopian [sic]
260 _aUppsala :
_bUppsala universitet ;
_aOslo :
_bStudiebiblioteket for Bibel og misjon,
_c1998.
300 _axviii, 312 p. :
_bill., maps ;
_c24 cm.
440 0 _aStudia missionalia Upsaliensia,
_x0585-5373 ;
_v69
_950206
500 _aErrata slip inserted.
502 _aThesis (doctoral)--Uppsala universitet, 1997.
504 _aIncludes bibliographical references (p. 283-300) and indexes.
610 2 0 _aEvangelical Church Mekane Yesus.
_950207
650 0 _aSidamo (African people)
_xMissions.
_950208
650 0 _aSidamo (African people)
_xReligion.
_950209
650 0 _aChurch and state
_zEthiopia
_xHistory
_y20th century.
_950210
651 0 _aEthiopia
_xChurch history
_y20th century.
_950211
710 2 _aThomas Leiper Kane Collection (Library of Congress. Hebraic Section)
_5DLC
_924290
906 _a7
_bcbc
_ccopycat
_d3
_encip
_f20
_gy-gencatlg
942 _2lcc
_cMONOGRAPH
999 _c130649
_d130649